000 00666nam a2200289Ia 4500
005 20260324115738.0
008 008 260324s9999 xx 000 0 eng d
020 _a9781315366098
037 _aEBOOK
040 _aCRL
040 _beng
040 _cCRL
041 _2eng
041 _aeng
084 _qCRL
100 _aJ. Blum
_91155849
245 0 _aUrban Horticulture
245 0 _bEcology, Landscape, and Agriculture
260 _bTaylor and Francis
260 _c2016
365 _a
365 _b250
856 _uhttp://www.taylorfrancis.com/books/9781315366098
942 _cEBOOK
999 _c1746950
_d1746950